[Event "DEM U10 2011"]
[Site "Oberhof GER"]
[Date "2011.06.15"]
[Round "6"]
[White "Arnhold, Steffi"]
[Black "Niemann, Alexander"]
[Result "0-1"]
[Termination "normal"]
[Board "23"]
[WhiteElo "1117"]
[BlackElo "1311"]
[PlyCount "90"]
[WhiteFideId "12931365"]
[BlackFideId "12939862"]
[EventCountry "GER"]
[EventRounds "11"]
[EventType "swiss"]
[EventDate "2011.06.11"]

1. e4 c5 2. Nf3 Nc6 3. d4 cxd4 4. Nxd4 g6 5. Nc3 Bg7 6. Be3 Nf6 7. f3 O-O 8.
Qd2 d5 9. exd5 Nxd5 10. Nde2 Nxe3 11. Qxe3 Bf5 12. Rc1 Rc8 13. Nf4 Bh6 14. Rd1
Qc7 15. Ncd5 Qa5+ 16. c3 e5 17. Qf2 exf4 18. b4 Qd8 19. Bc4 Be6 20. O-O Qg5 21.
Bb3 Bg7 22. Qd2 Bxd5 23. Qxd5 Qxd5 24. Rxd5 Bxc3 25. Rd7 Bd4+ 26. Kh1 b6 27. b5
Bc5 28. bxc6 Rxc6 29. Rxa7 Bf2 30. h3 Bg3 31. Rb7 Rd6 32. Ra1 Bf2 33. Rf1 Be3
34. Kh2 Kg7 35. h4 h5 36. g3 Rd2+ 37. Kh3 Kg8 38. gxf4 Bxf4 39. Rh1 Be3 40. Kg3
Bc5 41. Kf4 Bd6+ 42. Ke3 Rg2 43. Ke4 Rd2 44. Rxb6 Re8+ 45. Be6 Rxe6# 0-1

[Event "DEM U10 2011"]
[Site "Oberhof GER"]
[Date "2011.06.15"]
[Round "6"]
[White "Schröter, Ron"]
[Black "ter Stal, Sven"]
[Result "0-1"]
[Termination "normal"]
[Board "24"]
[WhiteElo "1291"]
[BlackElo "1056"]
[PlyCount "52"]
[WhiteFideId "12941727"]
[BlackFideId "12946443"]
[EventCountry "GER"]
[EventRounds "11"]
[EventType "swiss"]
[EventDate "2011.06.11"]

1. e4 c5 2. Nf3 Nc6 3. d4 cxd4 4. Nxd4 g6 5. Nc3 Bg7 6. Be3 Nf6 7. f3 O-O 8.
Qd2 d5 9. exd5 Nxd5 10. Nxc6 bxc6 11. O-O-O Be6 12. Bd4 Qa5 13. Bxg7 Kxg7 14.
g4 Rab8 15. Qd4+ Kg8 16. h4 Rfd8 17. Nxd5 Rxd5 18. Qf4 Rxd1+ 19. Kxd1 Rd8+ 20.
Ke2 Qc5 21. h5 Qxc2+ 22. Ke3 Qc1+ 23. Ke4 Rd4+ 24. Kxd4 Qxf4+ 25. Kc5 Qxf3 26.
Rg1 Qe3+ 0-1

[Event "DEM U10 2011"]
[Site "Oberhof GER"]
[Date "2011.06.15"]
[Round "6"]
[White "Hoffmann, Lennard"]
[Black "Sanati, Charlotte"]
[Result "0-1"]
[Termination "normal"]
[Board "25"]
[WhiteElo "1044"]
[BlackElo "1284"]
[PlyCount "96"]
[WhiteFideId "12943495"]
[BlackFideId "12907707"]
[EventCountry "GER"]
[EventRounds "11"]
[EventType "swiss"]
[EventDate "2011.06.11"]

1. e4 e6 2. d4 d5 3. exd5 exd5 4. Bd3 Bd6 5. Ne2 Bg4 6. f3 Bh5 7. Nbc3 c6 8.
Be3 Nd7 9. Qd2 Ne7 10. O-O-O Qc7 11. Bf4 O-O-O 12. Bxd6 Qxd6 13. Nf4 Bg6 14.
Nxg6 Nxg6 15. Rde1 Qb4 16. Re2 Qxd4 17. Rd1 Qf4 18. Qxf4 Nxf4 19. Re7 Nxd3+ 20.
Rxd3 Rhg8 21. Rd4 Rgf8 22. Rf4 Rde8 23. Rfxf7 Rxe7 24. Rxe7 Rg8 25. h4 Kd8 26.
Re3 d4 27. Rd3 dxc3 28. Rxc3 Re8 29. Ra3 a6 30. Kd2 Ne5 31. Ra4 Re6 32. Rd4+
Ke7 33. Rb4 Rd6+ 34. Ke3 b5 35. Re4 Re6 36. Kd4 Kd6 37. b3 c5+ 38. Kc3 b4+ 39.
Kd2 Rg6 40. Re2 Nd7 41. g4 Re6 42. Rf2 Nf6 43. g5 Nh5 44. f4 Ng3 45. Kd3 g6 46.
Rd2 Kc6 47. Kc4 Re4+ 48. Kd3 Rd4+ 0-1

[Event "DEM U10 2011"]
[Site "Oberhof GER"]
[Date "2011.06.15"]
[Round "6"]
[White "Zieschank, Leon"]
[Black "Schamber, Dennis"]
[Result "1-0"]
[Termination "normal"]
[Board "26"]
[WhiteElo "1236"]
[BlackElo "1039"]
[PlyCount "193"]
[BlackFideId "12952176"]
[EventCountry "GER"]
[EventRounds "11"]
[EventType "swiss"]
[EventDate "2011.06.11"]

1. e4 d5 2. exd5 Qxd5 3. Nc3 Qa5 4. Nf3 Bg4 5. Be2 Nf6 6. d3 c6 7. Bd2 Qc7 8.
O-O e6 9. h3 Bh5 10. Ne1 Bxe2 11. Qxe2 Bd6 12. Nf3 O-O 13. Ne4 Nbd7 14. Nxd6
Qxd6 15. Qe1 Qc7 16. Bb4 Rfe8 17. Bc3 Rad8 18. Ne5 Nd5 19. Nxd7 Rxd7 20. Bd2 h6
21. Qe4 Qd6 22. Qg4 Kh8 23. Rfe1 f5 24. Qf3 Rf7 25. Re2 g5 26. Rae1 Kg7 27. Kh1
Kg6 28. Re5 Ree7 29. Qe2 Rf6 30. c4 Nc7 31. f4 Ne8 32. fxg5 hxg5 33. Bc3 Ng7
34. Re3 Rff7 35. Bxg7 Kxg7 36. Qh5 Kg8 37. Qxg5+ Rg7 38. Qh4 Rh7 39. Qg3+ Qxg3
40. Rxg3+ Kf7 41. Rf3 Rd7 42. Rd1 Kf6 43. Kh2 e5 44. Rdf1 f4 45. g3 Kg5 46.
gxf4+ exf4 47. Kg2 Rhe7 48. Kf2 a6 49. b3 Kf5 50. Kg1 b5 51. Rxf4+ Kg5 52. Rg4+
Kh6 53. Rf6+ Kh5 54. cxb5 axb5 55. Rxc6 Rxd3 56. Rc5+ Kh6 57. Rxb5 Rxh3 58. Kg2
Rc3 59. Rf4 Rc2+ 60. Rf2 Rg7+ 61. Kf1 Rc1+ 62. Ke2 Rc2+ 63. Ke1 Re7+ 64. Kf1
Rc1+ 65. Kg2 Rg7+ 66. Kh2 Kh7 67. Rh5+ Kg8 68. Rh3 Rg4 69. Rg3 Rxg3 70. Kxg3
Ra1 71. Kf4 Kf7 72. Ke5+ Ke7 73. Kd5 Kd7 74. Kc5 Kc7 75. Rf7+ Kd8 76. a4 Rc1+
77. Kb5 Rg1 78. Rf5 Rg7 79. Rd5+ Rd7 80. Rxd7+ Kxd7 81. Kb6 Kc8 82. Ka7 Kc7 83.
b4 Kc6 84. b5+ Kc5 85. b6 Kb4 86. b7 Ka5 87. b8=Q Kxa4 88. Kb7 Kb5 89. Qe5+ Kc4
90. Kc6 Kb4 91. Qc5+ Kb3 92. Kd5 Kb2 93. Qc4 Kb1 94. Qc3 Ka2 95. Qb4 Ka1 96.
Kc4 Ka2 97. Kc3 1-0

[Event "DEM U10 2011"]
[Site "Oberhof GER"]
[Date "2011.06.15"]
[Round "6"]
[White "Ott, Josef Sebastian"]
[Black "Möller, Lisa-Marie"]
[Result "1-0"]
[Termination "normal"]
[Board "28"]
[WhiteElo "1327"]
[BlackElo "1069"]
[PlyCount "37"]
[WhiteFideId "12952079"]
[BlackFideId "12959367"]
[EventCountry "GER"]
[EventRounds "11"]
[EventType "swiss"]
[EventDate "2011.06.11"]

1. e4 c5 2. Nc3 a6 3. f4 b5 4. Nf3 Bb7 5. d3 e6 6. g3 d5 7. exd5 exd5 8. Bg2
Nf6 9. O-O Be7 10. d4 c4 11. Ne5 Nc6 12. Be3 O-O 13. Qf3 Nxe5 14. fxe5 Nd7 15.
Nxd5 Nb6 16. Nxe7+ Qxe7 17. Qxb7 Qxb7 18. Bxb7 Ra7 19. Be4 1-0

[Event "DEM U10 2011"]
[Site "Oberhof GER"]
[Date "2011.06.15"]
[Round "6"]
[White "Ratay, Meike"]
[Black "Stein, Robert"]
[Result "1/2-1/2"]
[Termination "normal"]
[Board "29"]
[WhiteElo "1087"]
[BlackElo "1292"]
[PlyCount "46"]
[WhiteFideId "12977608"]
[BlackFideId "12921084"]
[EventCountry "GER"]
[EventRounds "11"]
[EventType "swiss"]
[EventDate "2011.06.11"]

1. Nc3 d5 2. d4 e6 3. a3 c5 4. e3 Nf6 5. Nf3 Nc6 6. Bb5 Bd7 7. Bxc6 Bxc6 8. Ne5
Bd6 9. Nxc6 bxc6 10. dxc5 Bxc5 11. O-O O-O 12. Re1 e5 13. b4 Bd6 14. Kf1 e4 15.
h3 Be5 16. Bb2 Ne8 17. Na4 Bxb2 18. Nxb2 Qf6 19. Rb1 Qe5 20. Kg1 f5 21. Qd4 Qd6
22. Na4 Nc7 23. c4 Ne6 1/2-1/2

[Event "DEM U10 2011"]
[Site "Oberhof GER"]
[Date "2011.06.15"]
[Round "6"]
[White "Volkov, Michael"]
[Black "Keymer, Vincent"]
[Result "0-1"]
[Termination "normal"]
[Board "30"]
[WhiteElo "1056"]
[BlackElo "1192"]
[PlyCount "166"]
[BlackFideId "12940690"]
[EventCountry "GER"]
[EventRounds "11"]
[EventType "swiss"]
[EventDate "2011.06.11"]

1. e4 e5 2. Nf3 Nc6 3. Bc4 Bc5 4. d3 Nf6 5. O-O h6 6. Re1 O-O 7. Be3 Bb6 8.
Nbd2 d6 9. Bxb6 axb6 10. Nf1 Be6 11. Bxe6 fxe6 12. a3 Qd7 13. Qd2 Rae8 14. Rad1
d5 15. Ng3 Kh7 16. b4 b5 17. Re2 Re7 18. Rde1 Rfe8 19. Nf1 Qd6 20. Qd1 b6 21.
c3 d4 22. cxd4 exd4 23. e5 Qd5 24. exf6 gxf6 25. Qd2 Rg7 26. Ng3 e5 27. Kf1 Qd7
28. Nh5 Rf7 29. Ng3 Ne7 30. Qa2 Nd5 31. Qc2 Nc3 32. Rd2 Re6 33. Ng1 Rc6 34. Qb2
Na4 35. Qb1 Nc3 36. Qb3 Nd5 37. Rc2 Nc3 38. N3e2 Nd5 39. Rxc6 Qxc6 40. Rc1 Qb7
41. Ng3 Rg7 42. Nf3 Nf4 43. Qd1 Qc8 44. Qc2 Nd5 45. Ke1 Nc3 46. Kf1 c5 47. bxc5
bxc5 48. Ng1 b4 49. axb4 cxb4 50. N1e2 Qc6 51. Nxc3 bxc3 52. f3 Qe6 53. Ne4 f5
54. Nf2 Qg6 55. g3 f4 56. Nh1 Qh5 57. Qf2 Qg5 58. Rd1 Rc7 59. Qc2 fxg3 60. Nxg3
Qf4 61. Kg2 Rf7 62. Rf1 Rg7 63. Qc1 Qf6 64. Kf2 Rb7 65. Ke1 Qc6 66. Rf2 Qc8 67.
Nf1 Qb8 68. Nd2 cxd2+ 69. Qxd2 Rb1+ 70. Ke2 Rb2 71. Ke1 Rxd2 72. Rxd2 Kg6 73.
Kf2 Kf5 74. Re2 Qb1 75. f4 exf4 76. Re4 Qxd3 77. Re2 f3 78. Ra2 Qe3+ 79. Kf1
Kf4 80. Rb2 Qc1+ 81. Kf2 Qxb2+ 82. Kf1 d3 83. Ke1 Qe2# 0-1

[Event "DEM U10 2011"]
[Site "Oberhof GER"]
[Date "2011.06.15"]
[Round "6"]
[White "Rosenhain, Rachela"]
[Black "Schmidt, Sarah"]
[Result "1/2-1/2"]
[Termination "normal"]
[Board "31"]
[WhiteElo "1190"]
[BlackElo "1032"]
[PlyCount "121"]
[WhiteFideId "12957615"]
[BlackFideId "12965480"]
[EventCountry "GER"]
[EventRounds "11"]
[EventType "swiss"]
[EventDate "2011.06.11"]

1. e4 d5 2. exd5 Nf6 3. d4 Nxd5 4. c4 Nf6 5. Nc3 Bg4 6. Be2 Bf5 7. Nf3 e6 8.
O-O c5 9. Be3 Nbd7 10. Qd2 Bd6 11. Bd3 Bxd3 12. Qxd3 e5 13. dxe5 Bxe5 14. Nxe5
Nxe5 15. Qd2 Qd3 16. Qxd3 Nxd3 17. b3 b6 18. Rfd1 Rd8 19. Rd2 Ne5 20. Rxd8+
Kxd8 21. Rd1+ Ke7 22. Bf4 Nc6 23. Nb5 Rd8 24. Rxd8 Kxd8 25. Bg5 Ke7 26. Nc3 h6
27. Bf4 g5 28. Bg3 h5 29. h3 h4 30. Bh2 Ke6 31. Kf1 g4 32. Ke2 gxh3 33. gxh3
Nd7 34. Ke3 f5 35. Nd5 a6 36. Kf4 b5 37. Nc7+ Kf6 38. cxb5 axb5 39. Nxb5 Nb4
40. a3 Nd3+ 41. Ke3 Nc1 42. b4 Na2 43. Bd6 cxb4 44. Bxb4 Nxb4 45. axb4 Ke5 46.
Kd3 Kd5 47. Nc3+ Kc6 48. Kc4 Ne5+ 49. Kd4 Nf3+ 50. Ke3 Ng5 51. Ne2 Nxh3 52.
Nd4+ Kd5 53. Nxf5 Kc4 54. Nxh4 Kxb4 55. f3 Kc5 56. Ng6 Kd6 57. Nf8 Kd5 58. Ng6
Kd6 59. Nf4 Ng5 60. Ng2 Nxf3 61. Kxf3 1/2-1/2

[Event "DEM U10 2011"]
[Site "Oberhof GER"]
[Date "2011.06.15"]
[Round "6"]
[White "Lohrmann, Tabea"]
[Black "Cejda, Cecilia"]
[Result "1-0"]
[Termination "normal"]
[Board "32"]
[WhiteElo "1039"]
[BlackElo "1130"]
[PlyCount "125"]
[WhiteFideId "12911941"]
[BlackFideId "12921122"]
[EventCountry "GER"]
[EventRounds "11"]
[EventType "swiss"]
[EventDate "2011.06.11"]

1. e4 e5 2. Nf3 Nf6 3. Nxe5 d6 4. Nf3 Nxe4 5. Nc3 d5 6. d3 Nf6 7. d4 Be7 8. Be2
O-O 9. O-O Bg4 10. Ne5 Bxe2 11. Qxe2 Bd6 12. Re1 Re8 13. Bf4 Nc6 14. Qd3 Nb4
15. Qd2 c5 16. dxc5 Bxc5 17. a3 Nc6 18. Nxc6 Rxe1+ 19. Rxe1 bxc6 20. b4 Bb6 21.
Bg5 Qd6 22. Ne4 Nxe4 23. Rxe4 Qg6 24. Rg4 Re8 25. h3 Bc7 26. Bf4 Bxf4 27. Qxf4
Qe4 28. Qxe4 dxe4 29. Kf1 h6 30. Ke2 f5 31. Rg3 f4 32. Rc3 Re5 33. Rxc6 Rg5 34.
Re6 e3 35. fxe3 Rxg2+ 36. Kf3 Rxc2 37. exf4 Ra2 38. Ra6 Rh2 39. Kg3 Rd2 40.
Rxa7 Rd6 41. a4 h5 42. b5 Kh7 43. a5 Rd3+ 44. Kh4 Kh6 45. b6 Rd4 46. Kg3 g5 47.
fxg5+ Kxg5 48. b7 Rd3+ 49. Kg2 Rd2+ 50. Kf3 Rd3+ 51. Ke4 Rb3 52. a6 Rb4+ 53.
Kd5 Rb5+ 54. Kc6 Rb3 55. Ra8 Rxh3 56. b8=Q Rc3+ 57. Kd5 h4 58. Qe5+ Kg4 59.
Qxc3 h3 60. Qf6 Kg3 61. Rg8+ Kh2 62. Qf2+ Kh1 63. Qg1# 1-0

[Event "DEM U10 2011"]
[Site "Oberhof GER"]
[Date "2011.06.15"]
[Round "6"]
[White "Schumacher, Simon"]
[Black "Adler, Jakob"]
[Result "1-0"]
[Termination "normal"]
[Board "33"]
[WhiteElo "1005"]
[BlackElo "1111"]
[PlyCount "115"]
[EventCountry "GER"]
[EventRounds "11"]
[EventType "swiss"]
[EventDate "2011.06.11"]

1. e4 c5 2. c3 d6 3. d4 cxd4 4. cxd4 Nf6 5. Nc3 e6 6. Nf3 Be7 7. Bg5 O-O 8. Bd3
a6 9. Rc1 Nbd7 10. Bb1 b5 11. Qd3 e5 12. Bxf6 Bxf6 13. O-O Bb7 14. d5 Qb6 15.
Nd2 Rac8 16. Qh3 Bg5 17. Rc2 b4 18. Na4 Qa5 19. Qxd7 Rxc2 20. Bxc2 Bc8 21. Nc4
Bxd7 22. Nxa5 Bb5 23. Re1 Rc8 24. Bb3 Bd3 25. h3 Kf8 26. Nb6 Rc7 27. g3 Bd8 28.
Nc6 Ke8 29. Ba4 Bb5 30. Bxb5 axb5 31. a3 bxa3 32. bxa3 Rb7 33. Nc8 Kd7 34. Nxd8
Kxd8 35. Nxd6 Rd7 36. Nxb5 Kc8 37. Nc3 Rb7 38. Ra1 Kc7 39. a4 Rb6 40. Nb5+ Kb7
41. Nc3 Ra6 42. Rb1+ Kc7 43. Nb5+ Kd7 44. f4 f6 45. fxe5 fxe5 46. Nc3 h6 47.
Rb7+ Kc8 48. Rxg7 Kd8 49. Nb5 Rxa4 50. d6 Rxe4 51. d7 Re1+ 52. Kf2 Rd1 53. Rg6
Rxd7 54. Rxh6 Re7 55. Ke3 Ke8 56. Nd6+ Kd7 57. Nf5 Re8 58. Ke4 1-0

[Event "DEM U10 2011"]
[Site "Oberhof GER"]
[Date "2011.06.15"]
[Round "6"]
[White "Santos, Leonardo"]
[Black "Wurst, Maximilian"]
[Result "0-1"]
[Termination "normal"]
[Board "34"]
[WhiteElo "1100"]
[BlackElo "964"]
[PlyCount "100"]
[WhiteFideId "12965049"]
[BlackFideId "12971812"]
[EventCountry "GER"]
[EventRounds "11"]
[EventType "swiss"]
[EventDate "2011.06.11"]

1. e4 e5 2. Nf3 Nc6 3. d4 exd4 4. Nxd4 Bc5 5. Be3 Bb6 6. Bc4 Qf6 7. c3 Nge7 8.
O-O O-O 9. f4 d6 10. Na3 Qh4 11. Nac2 Bg4 12. Qd2 Nxd4 13. cxd4 Nc6 14. Rae1
Be6 15. d5 Ba5 16. b4 Nxb4 17. Nxb4 c5 18. Rb1 Bxb4 19. Qb2 Bg4 20. Bd2 Bxd2
21. Qxd2 b6 22. Rb2 Bh5 23. Rfb1 Bg6 24. Bd3 Rfe8 25. Kh1 Bxe4 26. Bxe4 Rxe4
27. g3 Qg4 28. Re1 Rxe1+ 29. Qxe1 h6 30. Re2 Qf3+ 31. Kg1 Qxd5 32. Re7 Qxa2 33.
Qe4 Qa1+ 34. Kg2 Rd8 35. Qd5 Rf8 36. Qxd6 Qb2+ 37. Kf1 a5 38. Re2 Qb5 39. Kf2
a4 40. g4 c4 41. Kf3 Rc8 42. Qd4 Qc6+ 43. Kg3 b5 44. Kh3 Qf3+ 45. Kh4 Qxe2 46.
g5 hxg5+ 47. fxg5 Qxh2+ 48. Kg4 f5+ 49. Kxf5 Rf8+ 50. Kg6 Qh7# 0-1

[Event "DEM U10 2011"]
[Site "Oberhof GER"]
[Date "2011.06.15"]
[Round "6"]
[White "Poetsch, Leonore"]
[Black "Könze, Heike"]
[Result "1-0"]
[Termination "normal"]
[Board "35"]
[WhiteElo "966"]
[BlackElo "1093"]
[PlyCount "121"]
[WhiteFideId "12940372"]
[BlackFideId "12964476"]
[EventCountry "GER"]
[EventRounds "11"]
[EventType "swiss"]
[EventDate "2011.06.11"]

1. e4 d6 2. d4 Nf6 3. Nc3 g6 4. Be2 Bg7 5. h4 Nc6 6. d5 Nb4 7. a3 Na6 8. Be3
Nc5 9. Bf3 e6 10. Qd2 exd5 11. exd5 Qe7 12. O-O-O Bf5 13. Bxc5 dxc5 14. Re1 Ne4
15. Nxe4 O-O-O 16. Kb1 Qe5 17. Nc3 Qd4 18. Qxd4 cxd4 19. Na2 d3 20. cxd3 Bxd3+
21. Ka1 Rd6 22. Nb4 Bc4 23. Nh3 c5 24. dxc6 bxc6 25. Rd1 Rf6 26. Bxc6 a5 27.
Bd7+ Kb7 28. Na2 Rb6 29. Nc3 Rb8 30. Rd2 Ka8 31. Rc1 Bh6 32. f4 Bg7 33. Bg4 f5
34. Bf3+ Ka7 35. Rd7+ Ka6 36. Rxg7 Rxb2 37. Rc7 Bg8 38. Bd5 Bxd5 39. Nxd5 R2b3
40. R1c6+ Kb5 41. Nc3+ Rxc3 42. Rxc3 Ka4 43. R7c4+ Kb5 44. a4+ Ka6 45. Rc6+ Ka7
46. Rc7+ Ka6 47. R3c6+ Rb6 48. Rxb6+ Kxb6 49. Rxh7 Kc5 50. Re7 Kb4 51. Re6 Kxa4
52. Rxg6 Kb3 53. h5 a4 54. h6 a3 55. Rc6 a2 56. h7 Kb4 57. h8=Q Kb5 58. Rc8 Kb6
59. Qb2+ Ka7 60. Rb8 Ka6 61. Qb6# 1-0

[Event "DEM U10 2011"]
[Site "Oberhof GER"]
[Date "2011.06.15"]
[Round "6"]
[White "Nguyen, Ha Thanh"]
[Black "Maaß, Timo"]
[Result "0-1"]
[Termination "normal"]
[Board "36"]
[WhiteElo "1092"]
[BlackElo "882"]
[PlyCount "92"]
[WhiteFideId "12942154"]
[EventCountry "GER"]
[EventRounds "11"]
[EventType "swiss"]
[EventDate "2011.06.11"]

1. e4 e5 2. Nf3 Nc6 3. Bc4 Nf6 4. d3 Bc5 5. O-O O-O 6. c3 d6 7. Bg5 h6 8. Bh4
Bg4 9. Nbd2 Na5 10. Bb3 Nxb3 11. Qxb3 Rb8 12. d4 exd4 13. cxd4 Bb6 14. Rfd1 Qe7
15. Re1 Qe6 16. Qd3 Ba5 17. e5 dxe5 18. Rxe5 Qa6 19. Qe3 Bxf3 20. gxf3 Nd7 21.
Rh5 Qg6+ 22. Kh1 Qxh5 23. Bg3 Bxd2 24. Qxd2 Rbc8 25. Kg2 Qg5 26. f4 Qd5+ 27. f3
c5 28. Qa5 Qxd4 29. Rb1 a6 30. Bf2 Qb4 31. Qxb4 cxb4 32. Rd1 Nf6 33. Rd4 a5 34.
Rd6 Rc2 35. Rb6 Rxb2 36. Rxb7 Rxa2 37. Kf1 Rc8 38. Be1 Ra1 39. Re7 b3 40. Re2
a4 41. Rb2 Rc2 42. Rxc2 bxc2 43. Kf2 c1=Q 44. Bb4 Ra2+ 45. Kg3 Qg1+ 46. Kh3
Rxh2# 0-1

[Event "DEM U10 2011"]
[Site "Oberhof GER"]
[Date "2011.06.15"]
[Round "6"]
[White "Flach, Helene"]
[Black "Rau, Jennifer"]
[Result "1-0"]
[Termination "normal"]
[Board "37"]
[WhiteElo "849"]
[BlackElo "1092"]
[PlyCount "139"]
[WhiteFideId "12929735"]
[BlackFideId "12983276"]
[EventCountry "GER"]
[EventRounds "11"]
[EventType "swiss"]
[EventDate "2011.06.11"]

1. e4 e5 2. Nf3 Nc6 3. Bc4 Bc5 4. c3 Qe7 5. d4 Bb6 6. O-O Nf6 7. Re1 d6 8. h3
h6 9. Bb5 Bd7 10. d5 Nb8 11. Bc4 O-O 12. Bd3 a5 13. Nh2 Bc5 14. Qf3 Kh8 15. Qg3
Nh5 16. Qf3 Qf6 17. Qxf6 Nxf6 18. a3 b5 19. Bd2 Nh5 20. b4 axb4 21. cxb4 Bd4
22. Ra2 c5 23. Rc2 Rc8 24. Nf3 Nf4 25. Bf1 g5 26. Nxd4 cxd4 27. Rxc8+ Bxc8 28.
Bxb5 f5 29. Rc1 Bd7 30. Bxd7 Ne2+ 31. Kf1 Nxc1 32. exf5 Nxd7 33. Bxc1 Rc8 34.
Bd2 Nf6 35. a4 Ne4 36. Be1 Ra8 37. a5 d3 38. b5 Nc5 39. f6 Kg8 40. Na3 Kf7 41.
Nc4 Kxf6 42. Nxd6 Ke7 43. Nc4 e4 44. d6+ Kd7 45. Nb6+ Kxd6 46. Nxa8 Nd7 47. a6
h5 48. a7 g4 49. Nc7 Nb6 50. a8=Q Nxa8 51. Nxa8 Kd7 52. hxg4 hxg4 53. g3 Kc8
54. Nb6+ Kc7 55. Nd5+ Kd6 56. b6 Kc6 57. Ba5 Kb7 58. Bc3 Kc6 59. Be5 Kb7 60.
Ke1 Kc6 61. Kd2 Kxd5 62. b7 e3+ 63. fxe3 Ke4 64. b8=Q Kf3 65. Qf8+ Kg2 66. Ke1
Kh3 67. Qf1+ Kh2 68. Qxd3 Kh3 69. Kf1 Kh2 70. Qh7# 1-0

[Event "DEM U10 2011"]
[Site "Oberhof GER"]
[Date "2011.06.15"]
[Round "6"]
[White "Rosenthal, Moritz"]
[Black "Yankelevich, Michael"]
[Result "1-0"]
[Termination "normal"]
[Board "38"]
[WhiteElo "847"]
[BlackElo "1083"]
[PlyCount "55"]
[WhiteFideId "12946338"]
[BlackFideId "12921440"]
[EventCountry "GER"]
[EventRounds "11"]
[EventType "swiss"]
[EventDate "2011.06.11"]

1. e4 e5 2. Nf3 Nc6 3. Bc4 Bc5 4. d4 exd4 5. c3 dxc3 6. bxc3 d6 7. h3 Be6 8.
Bb3 Qd7 9. Bb2 f6 10. Nd4 Bxb3 11. axb3 Nxd4 12. cxd4 Bb6 13. O-O O-O-O 14. Re1
Re8 15. Nd2 Ne7 16. Nc4 Kb8 17. Nxb6 cxb6 18. Rc1 Rc8 19. f4 Rxc1 20. Qxc1 Rc8
21. Qe3 Qb5 22. e5 dxe5 23. dxe5 Rc2 24. exf6 gxf6 25. Qxe7 Qxb3 26. Bxf6 a5
27. Qd8+ Rc8 28. Be5+ 1-0

[Event "DEM U10 2011"]
[Site "Oberhof GER"]
[Date "2011.06.15"]
[Round "6"]
[White "Merx, Florian"]
[Black "Weißenburg, Julia"]
[Result "1-0"]
[Termination "normal"]
[Board "39"]
[WhiteElo "1035"]
[BlackElo "995"]
[PlyCount "59"]
[WhiteFideId "16212304"]
[EventCountry "GER"]
[EventRounds "11"]
[EventType "swiss"]
[EventDate "2011.06.11"]

1. e4 c5 2. Nf3 Nf6 3. Nc3 g6 4. Bc4 Bg7 5. d3 d6 6. Bf4 e5 7. Bg5 Nc6 8. h3
O-O 9. O-O h6 10. Bh4 Bd7 11. Nd5 Ne7 12. Bxf6 Nxd5 13. Bxd8 Raxd8 14. Bxd5 b6
15. Nd2 Kh7 16. Nc4 Be6 17. Bxe6 fxe6 18. Qd2 d5 19. exd5 exd5 20. Ne3 d4 21.
Ng4 h5 22. Nh2 Bh6 23. Qe2 Rde8 24. Nf3 Re7 25. Qd1 Rfe8 26. Re1 Bg7 27. c3 a5
28. cxd4 cxd4 29. Qb3 Re6 30. Ng5+ 1-0

[Event "DEM U10 2011"]
[Site "Oberhof GER"]
[Date "2011.06.15"]
[Round "6"]
[White "Bachmann, Jonas"]
[Black "Weiten, Teresa"]
[Result "1-0"]
[Termination "normal"]
[Board "41"]
[WhiteElo "1396"]
[BlackElo "766"]
[PlyCount "57"]
[WhiteFideId "12922919"]
[BlackFideId "12971944"]
[EventCountry "GER"]
[EventRounds "11"]
[EventType "swiss"]
[EventDate "2011.06.11"]

1. e4 e5 2. Nf3 Nc6 3. Bc4 Nf6 4. d4 exd4 5. e5 Ne4 6. Qe2 Nc5 7. O-O Ne6 8. c3
dxc3 9. Nxc3 d6 10. Rd1 Be7 11. Be3 O-O 12. Bb3 Qe8 13. Nd5 dxe5 14. Ba4 e4 15.
Nd4 Nexd4 16. Bxd4 Be6 17. Bxc6 bxc6 18. Nxc7 Qc8 19. Nxa8 Qxa8 20. Qxe4 Re8
21. Qe5 Bf6 22. Qg3 Bxd4 23. Rxd4 c5 24. Rdd1 Qe4 25. Qe3 Qxe3 26. fxe3 Bg4 27.
Rd5 Rxe3 28. Rd8+ Re8 29. Rxe8# 1-0

[Event "DEM U10 2011"]
[Site "Oberhof GER"]
[Date "2011.06.15"]
[Round "6"]
[White "Pantsernaya, Sofya"]
[Black "Bureik, Nicolas"]
[Result "1-0"]
[Termination "normal"]
[Board "44"]
[WhiteElo "769"]
[BlackElo "861"]
[PlyCount "103"]
[WhiteFideId "12993182"]
[BlackFideId "12971863"]
[EventCountry "GER"]
[EventRounds "11"]
[EventType "swiss"]
[EventDate "2011.06.11"]

1. e4 c5 2. Nf3 d6 3. Bc4 Nf6 4. e5 dxe5 5. Nxe5 e6 6. O-O g6 7. d3 Bg7 8. Bg5
O-O 9. Nc3 Bd7 10. Ne4 b6 11. Qf3 Bc6 12. Nxc6 Nxc6 13. Nxf6+ Kh8 14. Bh4 Qd4
15. Bg5 h6 16. Qh3 h5 17. Ne4 f6 18. Qe3 fxg5 19. Qxd4 Nxd4 20. Nxg5 Nxc2 21.
Nxe6 Nxa1 22. Nxf8 Rxf8 23. Rxa1 Bxb2 24. Re1 Bd4 25. Rf1 g5 26. Kh1 h4 27. g4
Rxf2 28. Rxf2 Bxf2 29. Kg2 Bd4 30. Kf3 Bf6 31. Ke4 Kg7 32. Kf5 Kf8 33. Kxf6 Ke8
34. Kxg5 Kd7 35. Kxh4 Kc6 36. g5 b5 37. g6 bxc4 38. dxc4 Kb6 39. g7 Ka5 40.
g8=Q Ka4 41. Qa8 a5 42. Qa7 Kb4 43. Kg4 Kxc4 44. Qxa5 Kd4 45. Qa4+ c4 46. Qd1+
Kc3 47. Qc1+ Kd3 48. a4 c3 49. a5 c2 50. a6 Ke2 51. Qxc2+ Kf1 52. h4 1-0